|
|
|
|
| LEADER |
00754nam a2200145Ia 4500 |
| 008 |
150624b xxu||||| |||| 00| 0 eng d |
| 100 |
|
|
|a Keith, A. Berriedale
|
| 245 |
|
|
|a History of Sanskrit literature /
|c A. Berriedale Keith
|
| 260 |
|
|
|a Delhi :
|b Oxford University Press,
|c 1973.
|
| 300 |
|
|
|a 575 p.
|
| 942 |
|
|
|c BK
|
| 999 |
|
|
|c 32607
|d 32607
|
| 952 |
|
|
|0 1
|1 0
|4 0
|7 0
|9 32606
|a UL
|b UL
|c TR
|d 1998-09-01
|l 0
|p 44785
|r 2012-10-27
|w 2012-10-27
|y BK
|z Transferred to Dept. of Sanskrit
|
| 952 |
|
|
|0 0
|1 0
|2 ddc
|4 0
|6 891_209000000000000_KEI_H
|7 0
|9 399194
|a SAN
|b SAN
|c ST1
|d 2019-12-19
|i 2559
|l 0
|o 891.209 KEI/H
|p SAN2559
|r 2019-12-19
|w 2019-12-19
|y BK
|
| 952 |
|
|
|0 0
|1 0
|2 ddc
|4 0
|6 891_209000000000000_KEI_H
|7 0
|9 414729
|a SAN
|b SAN
|c ST1
|d 2021-03-04
|i 1064
|l 0
|o 891.209 KEI/H
|p SAN1064
|r 2021-03-04
|w 2021-03-04
|y BK
|